<?xml version="1.0" encoding="UTF-8"?>
<record
    xmlns:xsi="http://www.w3.org/2001/XMLSchema-instance"
    xsi:schemaLocation="http://www.loc.gov/MARC21/slim http://www.loc.gov/standards/marcxml/schema/MARC21slim.xsd"
    xmlns="http://www.loc.gov/MARC21/slim">

  <leader>00628nam a22002057a 4500</leader>
  <controlfield tag="005">20160920170145.0</controlfield>
  <datafield tag="010" ind1=" " ind2=" ">
    <subfield code="a">ENG-116048</subfield>
  </datafield>
  <datafield tag="020" ind1=" " ind2=" ">
    <subfield code="a">139789352602605</subfield>
    <subfield code="c">650.00</subfield>
  </datafield>
  <datafield tag="035" ind1=" " ind2=" ">
    <subfield code="a">EN-99580</subfield>
  </datafield>
  <datafield tag="037" ind1=" " ind2=" ">
    <subfield code="b">DBAD/PUB</subfield>
  </datafield>
  <datafield tag="082" ind1=" " ind2=" ">
    <subfield code="a">332.632</subfield>
  </datafield>
  <datafield tag="100" ind1=" " ind2=" ">
    <subfield code="a">Pring, Martin J.</subfield>
  </datafield>
  <datafield tag="245" ind1=" " ind2=" ">
    <subfield code="a">Martin pring's introduction to technical analysis/</subfield>
    <subfield code="c">by Martin J. Pring</subfield>
  </datafield>
  <datafield tag="250" ind1=" " ind2=" ">
    <subfield code="a">2nd edition</subfield>
  </datafield>
  <datafield tag="260" ind1=" " ind2=" ">
    <subfield code="a">Noida</subfield>
    <subfield code="b">McGraw Hill Education</subfield>
    <subfield code="c">2016</subfield>
  </datafield>
  <datafield tag="270" ind1=" " ind2=" ">
    <subfield code="a">B-4, Sector-63, Dist. Gautam Budh Nagar </subfield>
    <subfield code="b">Noida(up)</subfield>
    <subfield code="e">201301</subfield>
  </datafield>
  <datafield tag="300" ind1=" " ind2=" ">
    <subfield code="a">309 p. :</subfield>
    <subfield code="c">25cm(pbk)</subfield>
  </datafield>
  <datafield tag="500" ind1=" " ind2=" ">
    <subfield code="a">Includes index</subfield>
  </datafield>
  <datafield tag="942" ind1=" " ind2=" ">
    <subfield code="2">ddc</subfield>
    <subfield code="c">EN</subfield>
    <subfield code="h">332.632</subfield>
    <subfield code="m">PRI</subfield>
  </datafield>
  <datafield tag="999" ind1=" " ind2=" ">
    <subfield code="c">103447</subfield>
    <subfield code="d">103447</subfield>
  </datafield>
  <datafield tag="952" ind1=" " ind2=" ">
    <subfield code="0">0</subfield>
    <subfield code="1">0</subfield>
    <subfield code="4">0</subfield>
    <subfield code="7">0</subfield>
    <subfield code="8">NFIC</subfield>
    <subfield code="a">AV</subfield>
    <subfield code="b">AV</subfield>
    <subfield code="d">2016-09-20</subfield>
    <subfield code="e">DBAD/PUB</subfield>
    <subfield code="g">650.00</subfield>
    <subfield code="l">0</subfield>
    <subfield code="o">332.632 PRI</subfield>
    <subfield code="p">EN-99580</subfield>
    <subfield code="r">2016-09-20 00:00:00</subfield>
    <subfield code="t">1</subfield>
    <subfield code="v">650.00</subfield>
    <subfield code="y">EN</subfield>
  </datafield>
</record>
